Saheed Udam Singh (ਸ਼ਹੀਦ ਊਧਮ ਸਿੰਘ (Record no. 10007)
[ view plain ]
| 000 -LEADER | |
|---|---|
| fixed length control field | 00493nam a22001457a 4500 |
| 003 - CONTROL NUMBER IDENTIFIER | |
| control field | OSt |
| 005 - DATE AND TIME OF LATEST TRANSACTION | |
| control field | 20240409161944.0 |
| 008 - FIXED-LENGTH DATA ELEMENTS--GENERAL INFORMATION | |
| fixed length control field | 240409b |||||||| |||| 00| 0 eng d |
| 040 ## - CATALOGING SOURCE | |
| Transcribing agency | Central Library MRSPTU |
| 100 ## - MAIN ENTRY--PERSONAL NAME | |
| Personal name | Sukhdev Sidhu (ਸੁਖਦੇਵ ਸਿੱਧੂ) |
| 245 ## - TITLE STATEMENT | |
| Title | Saheed Udam Singh (ਸ਼ਹੀਦ ਊਧਮ ਸਿੰਘ |
| Remainder of title | Fassi De Udeek Ch (ਫਾਂਸੀ ਦੀ ਉਡੀਕ ਚ') |
| 260 ## - PUBLICATION, DISTRIBUTION, ETC. | |
| Place of publication, distribution, etc. | Barnala |
| Name of publisher, distributor, etc. | Tarkbharti Parkashan |
| Date of publication, distribution, etc. | 2003 |
| 300 ## - PHYSICAL DESCRIPTION | |
| Extent | 32 |
| 942 ## - ADDED ENTRY ELEMENTS (KOHA) | |
| Source of classification or shelving scheme | Dewey Decimal Classification |
| Koha item type | Book |
| Suppress in OPAC | No |
| Withdrawn status | Lost status | Source of classification or shelving scheme | Damaged status | Not for loan | Collection | Home library | Current library | Date acquired | Total checkouts | Barcode | Date last seen | Date last checked out | Price effective from | Koha item type |
|---|---|---|---|---|---|---|---|---|---|---|---|---|---|---|
| Dewey Decimal Classification | BK | MRSPTU Central Library | MRSPTU Central Library | 04/09/2024 | 2 | G-174 | 02/06/2026 | 02/04/2026 | 04/09/2024 | Book |
